UBT Library

Perl for Oracle DBAs / (Record no. 40775)

000 -LEADER
fixed length control field 00675cam a22002294a 4500
001 - CONTROL NUMBER
control field 12803625
005 - DATE AND TIME OF LATEST TRANSACTION
control field 20180123071439.0
008 - FIXED-LENGTH DATA ELEMENTS--GENERAL INFORMATION
fixed length control field 020605s2002 cc a 001 0 eng
010 ## - LIBRARY OF CONGRESS CONTROL NUMBER
LC control number 2002074898
020 ## - INTERNATIONAL STANDARD BOOK NUMBER
International Standard Book Number 0596002106
040 ## - CATALOGING SOURCE
Original cataloging agency DLC
Transcribing agency DLC
Modifying agency DLC
041 ## - LANGUAGE CODE
Language code of text/sound track or separate title eng
042 ## - AUTHENTICATION CODE
Authentication code pcc
080 ## - UNIVERSAL DECIMAL CLASSIFICATION NUMBER
Universal Decimal Classification number 005.133 AND
082 00 - DEWEY DECIMAL CLASSIFICATION NUMBER
Classification number 005.133 AND
Edition number 21
100 1# - Rafti
Rafti 30
101 ## - Shkurtesa
Shkurtesa SHK
245 10 - TITLE STATEMENT
Title Perl for Oracle DBAs /
Statement of responsibility, etc Andy Duncan and Jared Still.
906 ## - LOCAL DATA ELEMENT F, LDF (RLIN)
a 7
b cbc
c orignew
d 1
e ocip
f 20
g y-gencatlg
942 ## - ADDED ENTRY ELEMENTS (KOHA)
Source of classification or shelving scheme
Item type Books
Holdings
Withdrawn status Lost status Source of classification or shelving scheme Damaged status Not for loan Collection code Permanent location Current location Shelving location Date acquired Total Checkouts Full call number Barcode Date last seen Price effective from Koha item type
          Koleksioni i përgjithshem UBT - Lipjan UBT - Lipjan Koleksioni i përgjithshem 01/23/2018   005.133 AND 002-2996066 01/23/2018 01/23/2018 Books
UBT Library © 2015-2024. All rights reserved University Education for Business and Technology